Secretos, intrigas y misterios de los conventos (Record no. 163893)

MARC details
000 -LEADER
campo de control de longitud fija 00898nam a22001695i 4500
001 - NÚMERO DE CONTROL
campo de control 163893
003 - IDENTIFICADOR DE NÚMERO DE CONTROL
campo de control ES-MaACL
005 - FECHA Y HORA DE LA ÚLTIMA TRANSACCIÓN
campo de control 20230906212830.0
008 - DATOS DE LONGITUD FIJA--INFORMACIÓN GENERAL
campo de control de longitud fija 010221s1856 sp af |||| | spa d
040 ## - FUENTE DE CATALOGACIÓN
Centro catalogador/agencia de origen CAM
Lengua de catalogación spa
Centro/agencia transcriptor CAM
100 1# - ENTRADA PRINCIPAL--NOMBRE DE PERSONA
Nombre de persona Roman, Alejandro.
9 (RLIN) 132020
245 10 - MENCIÓN DEL TÍTULO
Título Secretos, intrigas y misterios de los conventos
Resto del título : historia-novela puramente española cuasi contemporánea, en la que se detallan con los más fieles colores los misterios y secretos del claustro, las intrigas del jesuitismo, las conjuraciones monacales ... : obra escrita en presencia de documentos secretos, revelaciones importantes y testimonios irrecusables /
Mención de responsabilidad, etc. por Alejandro Román.
260 ## - PUBLICACIÓN, DISTRIBUCIÓN, ETC.
Lugar de publicación, distribución, etc. Barcelona :
Nombre del editor, distribuidor, etc. [s.n.],
Fecha de publicación, distribución, etc. 1856 (
Fabricante Imprenta del Siglo \RXIX\R)
300 ## - DESCRIPCIÓN FÍSICA
Extensión 574 p., [18] h. de lám. ;
Dimensiones 25 cm.
599 #1 - NOTA A LAS ILUSTRACIONES
NOTA A LAS ILUSTRACIONES Las h. de lám. lit. alegóricas.
852 ## - LOCALIZACIÓN
Ubicación ES-MaACL
Número de control de estantería C-2617
Nota libre -- Enc. ed. en tela grab.
Holdings
Estatus retirado Estado de pérdida Estado de daño No para préstamo Colección Biblioteca de origen Biblioteca actual Ubicación en estantería Fecha de adquisición Fuente de adquisición Total de préstamos Signatura topográfica completa Código de barras Visto por última vez Precio de reemplazo Tipo de ítem Koha
        Libros del s. XIX Biblioteca del Ateneo de Madrid Biblioteca del Ateneo de Madrid Sala Palomar 17/01/2008     C-2617 1171764 23/02/2023 23/02/2023 Libro impreso antiguo